| 000 | 00751nam a2200229 a 4500 | ||
|---|---|---|---|
| 999 |
_c1046 _d1046 |
||
| 001 | 1046 | ||
| 003 | BD-JhCC | ||
| 005 | 20171014124736.0 | ||
| 008 | 171014s2007 b a|||| |||| 000 0 ben d | ||
| 020 | _a9844105412 | ||
| 035 | _a(BD-JhCC)1046 | ||
| 040 |
_aBD-JhCC _dBD-JhCC |
||
| 041 | _aben | ||
| 082 |
_a891.4409 _bAHM 2007. |
||
| 100 | _aরফিক ,আহমদ | ||
| 245 |
_aবাংলাদেশে রবীন্দ্রচর্চার একটি অধ্যায় / _cআহমদ রফিক |
||
| 260 |
_aঢাকা: _bমাওলা ব্রাদার্স, _c২০০৭. |
||
| 300 |
_a১৭৮ পৃ . : _bill.; _c২১ সেমি. |
||
| 650 | _aBengali literature | ||
| 942 |
_2ddc _cBK |
||